MARATHI SANTANCHI HINDI KAVITA (Record no. 359100)

MARC details
000 -LEADER
fixed length control field 003640000a22001450004500
005 - DATE AND TIME OF LATEST TRANSACTION
control field 20120302063305.0
040 ## - CATALOGING SOURCE
Original cataloging agency MAR
100 ## - MAIN ENTRY--PERSONAL NAME
Personal name RAJWADE, S.G.
245 ## - TITLE STATEMENT
Title MARATHI SANTANCHI HINDI KAVITA
260 ## - PUBLICATION, DISTRIBUTION, ETC. (IMPRINT)
Place of publication, distribution, etc NAGPUR : HINDU - DHARMA SANSKRUTI MANDIR,1976
300 ## - PHYSICAL DESCRIPTION
Extent 92 P.
365 ## - TRADE PRICE
Price amount RS.5/-
650 ## - SUBJECT ADDED ENTRY--TOPICAL TERM
Topical term or geographic name as entry element SANTA VANGAMAYA / MARATHI SANTA
942 ## - ADDED ENTRY ELEMENTS (KOHA)
Koha item type Book
Holdings
Withdrawn status Lost status Damaged status Not for loan Home library Current library Date acquired Total Checkouts Barcode Date last seen Price effective from
        Institute For Oriental Study, Thane Institute For Oriental Study, Thane 12/02/2009   IOS-M 20151 12/02/2009 12/02/2009